[Event "European Blitz 2015"]
[Site "Minsk BLR"]
[Date "2015.12.18"]
[Round "20.31"]
[White "Vovk, Orest"]
[Black "Skliarov, Viktor"]
[Result "0-1"]
[BlackTitle "FM"]
[WhiteElo "2279"]
[BlackElo "2420"]
[WhiteFideId "14113490"]
[BlackFideId "14106736"]
[EventDate "2015.12.18"]
[EventType "swiss (blitz)"]

1. h4 Nf6 2. h5 h6 3. Nc3 d5 4. e4 Nxe4 5. Nxe4 dxe4 6. Qe2 Qd5 7. Rh4 Bf5 8. g4
Bh7 9. Bg2 Nc6 10. c3 O-O-O 11. d4 e5 12. g5 exd4 13. Bxe4 Bxe4 14. Qxe4 hxg5
15. Qg4+ f5 16. Qxg5 Be7 17. Qf4 Bxh4 18. Qxh4 Qe4+ 19. Qxe4 fxe4 20. cxd4 Nxd4
21. Kf1 Rxh5 22. Be3 Nf3 23. Kg2 Rh2+ 24. Kg3 Rh1 25. Nxf3 Rxa1 26. Ng5 Rxa2 0-1

[Event "European Blitz 2015"]
[Site "Minsk BLR"]
[Date "2015.12.18"]
[Round "20.32"]
[White "Grishchenko, Sergey1"]
[Black "Rogule, Laura"]
[Result "0-1"]
[WhiteTitle "IM"]
[BlackTitle "WGM"]
[WhiteElo "2442"]
[BlackElo "2289"]
[WhiteFideId "4136730"]
[BlackFideId "11601876"]
[EventDate "2015.12.18"]
[EventType "swiss (blitz)"]

1. d4 d5 2. c4 e6 3. Nc3 Nf6 4. cxd5 exd5 5. Bg5 Nbd7 6. e3 Be7 7. Bd3 c6 8. Qc2
O-O 9. Nge2 Re8 10. O-O Nf8 11. f3 Be6 12. e4 dxe4 13. fxe4 Ng4 14. Bxe7 Qxe7
15. Rf3 Rad8 16. h3 Nh6 17. Raf1 f6 18. a3 Nf7 19. b4 Ng5 20. Rg3 Bf7 21. h4
Nge6 22. d5 Nc7 23. Nd4 Qe5 24. Nf5 Bg6 25. Ne2 cxd5 26. h5 Bxf5 27. Rxf5 Qd6
28. Qb3 Kh8 29. exd5 Nxd5 30. Rff3 Ne6 31. Qc4 Ng5 32. Rf5 Ne3 33. Qb5 Nxf5 34.
Qxf5 Rxe2 35. Rxg5 Qxd3 36. Qxd3 Rxd3 37. Rc5 Re8 38. Rc7 Rxa3 39. Rxb7 Ra2 40.
Kh2 h6 41. Kg3 Kh7 42. Kf4 Ree2 43. g4 Reb2 44. Kf5 Ra4 45. Ke6 Rbxb4 46. Rd7
Rxg4 47. Kf7 a5 48. Kf8 Ra1 49. Ra7 a4 0-1

[Event "European Blitz 2015"]
[Site "Minsk BLR"]
[Date "2015.12.18"]
[Round "20.33"]
[White "Putka, Verners"]
[Black "Shkapenko, Pavel"]
[Result "1-0"]
[BlackTitle "IM"]
[WhiteElo "2307"]
[BlackElo "2407"]
[WhiteFideId "11600659"]
[BlackFideId "4151933"]
[EventDate "2015.12.18"]
[EventType "swiss (blitz)"]

1. d4 Nf6 2. Nc3 d5 3. Bf4 Bf5 4. e3 e6 5. Bd3 Bg6 6. Nf3 Bd6 7. Ne5 a6 8. h4 c5
9. h5 Bxd3 10. Qxd3 h6 11. O-O-O Nc6 12. Nf3 c4 13. Qe2 Bb4 14. Nb1 Qa5 15. a3
Be7 16. Qe1 Qd8 17. Ne5 Rc8 18. g4 b5 19. f3 Nd7 20. Nxc6 Rxc6 21. e4 Nb6 22.
Qa5 Bg5 23. Bd2 Bxd2+ 24. Rxd2 Na4 25. Qxd8+ Kxd8 26. c3 Nb6 27. Rg2 f6 28. Nd2
a5 29. f4 Ke7 30. g5 Rh7 31. gxf6+ gxf6 32. Rhg1 Kf7 33. Rg6 b4 34. e5 Nd7 35.
Nf3 f5 36. axb4 axb4 37. Kd2 bxc3+ 38. Kxc3 Rb6 39. Nd2 Rb8 40. Ra1 Rg7 41. Ra7
Rd8 42. Rxh6 Rg3+ 43. Kc2 Kg7 44. Rxe6 Kf8 45. h6 Rh3 46. Rd6 Ke7 47. Rxd5 Rxh6
48. Nxc4 Rh2+ 49. Kc3 Rh3+ 50. Kb4 Rb8+ 51. Rb5 Rxb5+ 52. Kxb5 Ke6 53. d5+ Kxd5
54. Rxd7+ Ke4 55. e6 1-0

[Event "European Blitz 2015"]
[Site "Minsk BLR"]
[Date "2015.12.18"]
[Round "20.34"]
[White "Tukhaev, Adam"]
[Black "Olhovik, Andrei"]
[Result "1-0"]
[WhiteTitle "GM"]
[WhiteElo "2564"]
[BlackElo "2308"]
[WhiteFideId "14109476"]
[BlackFideId "13507397"]
[EventDate "2015.12.18"]
[EventType "swiss (blitz)"]

1. e4 c5 2. Nf3 Nc6 3. Bb5 g6 4. Bxc6 bxc6 5. O-O Bg7 6. c3 d6 7. h3 e5 8. d4
cxd4 9. cxd4 f6 10. b3 Nh6 11. Nbd2 Nf7 12. Bb2 O-O 13. Re1 Bb7 14. Rc1 Re8 15.
Bc3 d5 16. Ba1 a5 17. Qc2 Qb6 18. Rcd1 Rac8 19. dxe5 fxe5 20. Qb1 Ba6 21. Bc3
Rb8 22. Qc1 a4 23. bxa4 d4 24. Ba1 c5 25. Nc4 Qb4 26. Nfd2 Bh6 27. Qc2 Bxd2 28.
Nxd2 c4 29. Rb1 Qc5 30. Rxb8 Rxb8 31. Rc1 c3 32. Nb3 Qc4 33. a5 Qd3 34. Qxd3
Bxd3 35. Bxc3 dxc3 36. Rxc3 Bxe4 37. Rc7 Rb7 38. Rc8+ Kg7 39. a6 Ra7 40. Nc5 Bd5
41. a4 Kf6 42. Rb8 h5 43. a5 h4 44. Rb7 Ra8 45. Rd7 Bc6 46. Rc7 Bd5 47. a7 g5
48. Nd7+ Ke6 49. Nb6 Nd6 50. Nxa8 Bxa8 51. a6 e4 52. Kf1 Kd5 53. Rg7 Nb5 1-0

[Event "European Blitz 2015"]
[Site "Minsk BLR"]
[Date "2015.12.18"]
[Round "20.37"]
[White "Stupak, Kirill"]
[Black "Tokranovs, Dmitrijs"]
[Result "1-0"]
[WhiteTitle "GM"]
[WhiteElo "2542"]
[BlackElo "2179"]
[WhiteFideId "13503758"]
[BlackFideId "11603011"]
[EventDate "2015.12.18"]
[EventType "swiss (blitz)"]

1. d4 d5 2. Nf3 c6 3. g3 Nf6 4. Bg2 g6 5. O-O Bg7 6. c4 O-O 7. Qb3 b6 8. Nc3 Bb7
9. Ne5 Nbd7 10. Rd1 e6 11. Bf4 Nh5 12. Nxd7 Qxd7 13. Be3 Nf6 14. h3 Ba6 15. c5
bxc5 16. dxc5 e5 17. Qa4 Qc8 18. Bg5 Nd7 19. Be7 Re8 20. Bd6 e4 21. Rac1 Bf8 22.
Qa3 Ne5 23. b3 Bg7 24. Qa4 f5 25. Qa5 Nf7 26. Bf4 Bxc3 27. Qxc3 Bxe2 28. Re1 Bd3
29. h4 Qd7 30. Qd4 h6 31. Bd2 Kh7 32. Bc3 Nd8 33. h5 gxh5 34. Bh3 Qf7 35. Bxf5+ 1-0

[Event "European Blitz 2015"]
[Site "Minsk BLR"]
[Date "2015.12.18"]
[Round "20.38"]
[White "Nazaretyan, Tigran"]
[Black "Ladva, Ottomar"]
[Result "0-1"]
[BlackTitle "IM"]
[WhiteElo "2301"]
[BlackElo "2401"]
[WhiteFideId "24162345"]
[BlackFideId "4500024"]
[EventDate "2015.12.18"]
[EventType "swiss (blitz)"]

1. d4 Nf6 2. c4 e6 3. Nc3 Bb4 4. e3 c5 5. Bd3 Nc6 6. Nf3 d6 7. Bd2 e5 8. d5 Ne7
9. Ng5 O-O 10. O-O Bxc3 11. Bxc3 h6 12. Ne4 Nxe4 13. Bxe4 f5 14. Bc2 Ng6 15. b4
b6 16. Qh5 Kh7 17. bxc5 bxc5 18. Rab1 Qg5 19. Qxg5 hxg5 20. f3 Ba6 21. Bd3 Ne7
22. Rb3 Nxd5 23. cxd5 Bxd3 24. Rd1 Bc4 25. Rb7 Bxa2 26. Ba5 e4 27. fxe4 fxe4 28.
Rd7 Bb3 29. Rd2 Rf6 30. Bc7 Raf8 31. h3 c4 32. Ba5 R8f7 33. Rd8 Rf1+ 34. Kh2 Ra1
35. Bc3 Rc1 36. Bb2 Re1 37. Rxd6 Rxe3 38. Rc6 Rd3 39. Re2 e3 40. d6 Rf2 41. Rxe3
Rxe3 42. Bd4 Ree2 43. Bxf2 Rxf2 44. d7 Rd2 45. Rc7 a5 46. Kg3 a4 47. Kf3 a3 48.
Ke3 Rd3+ 49. Ke4 a2 50. Ra7 Rxd7 51. Ra3 Rd1 0-1

[Event "European Blitz 2015"]
[Site "Minsk BLR"]
[Date "2015.12.18"]
[Round "20.39"]
[White "Zisman, Philip"]
[Black "Karpov, Vadim"]
[Result "0-1"]
[WhiteTitle "FM"]
[BlackTitle "IM"]
[WhiteElo "2304"]
[BlackElo "2377"]
[WhiteFideId "2805197"]
[BlackFideId "4155025"]
[EventDate "2015.12.18"]
[EventType "swiss (blitz)"]

1. d4 Nf6 2. Bg5 d5 3. Bxf6 exf6 4. e3 Bd6 5. g3 O-O 6. Bg2 c6 7. Nd2 Be6 8. Ne2
Re8 9. O-O Nd7 10. b3 f5 11. c4 Nf6 12. Nc3 Ne4 13. Ndxe4 fxe4 14. cxd5 cxd5 15.
f3 Bb4 16. Ne2 exf3 17. Bxf3 Bh3 18. Rf2 Rxe3 19. Nf4 Re1+ 20. Qxe1 Bxe1 21.
Rxe1 Be6 22. Nxe6 fxe6 23. Rxe6 Qa5 24. Re5 Rd8 25. Bxd5+ Kh8 26. Bxb7 Qb4 27.
Bd5 Qxd4 28. Rf5 g6 0-1

[Event "European Blitz 2015"]
[Site "Minsk BLR"]
[Date "2015.12.18"]
[Round "20.40"]
[White "Kuzin, Anton"]
[Black "Vlassow, Valentin"]
[Result "1-0"]
[WhiteTitle "IM"]
[BlackTitle "FM"]
[WhiteElo "2409"]
[BlackElo "2262"]
[WhiteFideId "4148410"]
[BlackFideId "4164008"]
[EventDate "2015.12.18"]
[EventType "swiss (blitz)"]

1. d4 d5 2. Nf3 Bf5 3. Bf4 e6 4. e3 Nf6 5. Be2 Be7 6. Nbd2 O-O 7. O-O c5 8. c3
Qb6 9. Qb3 c4 10. Qxb6 axb6 11. Ne5 b5 12. a3 Nc6 13. f3 h6 14. g4 Bh7 15. Kf2
Nxe5 16. Bxe5 Nd7 17. Bg3 Nb6 18. e4 Na4 19. Rab1 dxe4 20. Nxe4 f5 21. gxf5 exf5
22. Bd6 fxe4 23. Bxe7 Rf7 24. Bb4 exf3 25. Bxf3 Bxb1 26. Rxb1 Re8 27. b3 cxb3
28. Rxb3 Kh7 29. d5 Nb6 30. d6 Ref8 31. c4 Nxc4 32. Kg2 Rd8 33. Rd3 g6 34. Bd5
Rf4 35. Bxb7 Rf6 36. d7 Rf7 37. Bc8 Ne5 38. Rd5 Nxd7 39. Ba6 Rb8 40. Bxb5 Nf6
41. Re5 Ng4 42. Rc5 Ne3+ 43. Kg3 Nf5+ 44. Kg2 Ne3+ 45. Kg3 Nf5+ 46. Kg2 Rd8 47.
Re5 Rd4 48. Bc6 Rg4+ 49. Kf3 h5 50. Bd5 Ne7+ 51. Bxf7 Nf5 52. Bd5 Rh4 53. Kg2
Rg4+ 54. Kf1 Rf4+ 55. Kg2 Rg4+ 56. Kf2 Rh4 57. Kg2 Rg4+ 58. Kh1 Rf4 59. Bc5 Nh4
60. Re7+ Kh6 61. Be3 g5 62. Bxf4 1-0

[Event "European Blitz 2015"]
[Site "Minsk BLR"]
[Date "2015.12.18"]
[Round "20.41"]
[White "Potapov, Alexey"]
[Black "Sysolyatin, Evgeny"]
[Result "0-1"]
[WhiteTitle "IM"]
[BlackTitle "FM"]
[WhiteElo "2389"]
[BlackElo "2289"]
[WhiteFideId "4182138"]
[BlackFideId "4154916"]
[EventDate "2015.12.18"]
[EventType "swiss (blitz)"]

1. Nf3 d5 2. c4 dxc4 3. Na3 Nc6 4. Nxc4 Be6 5. b3 Bxc4 6. bxc4 e5 7. Qc2 Bc5 8.
Rb1 Rb8 9. e3 Nf6 10. d3 O-O 11. Be2 Re8 12. Nd2 Nb4 13. Qb3 a5 14. a4 Qd7 15.
Ba3 Rbd8 16. Bxb4 Bxb4 17. Rd1 Ne4 18. dxe4 Bxd2+ 19. Kf1 Qc6 20. f3 Qc5 21. Kf2
b6 22. h4 Rd6 23. g4 Red8 24. h5 h6 25. Rhg1 Rd3 26. Bxd3 Qxe3+ 27. Kg2 Rxd3 0-1

[Event "European Blitz 2015"]
[Site "Minsk BLR"]
[Date "2015.12.18"]
[Round "20.42"]
[White "Pankov, German"]
[Black "Kanter, Eduard"]
[Result "1-0"]
[WhiteTitle "IM"]
[BlackTitle "IM"]
[WhiteElo "2404"]
[BlackElo "2353"]
[WhiteFideId "4174569"]
[BlackFideId "4103963"]
[EventDate "2015.12.18"]
[EventType "swiss (blitz)"]

1. d4 Nf6 2. Bg5 Ne4 3. Bf4 c5 4. d5 Qb6 5. Bc1 Qf6 6. Nf3 e6 7. c3 exd5 8. Qxd5
Qe6 9. Qxe6+ fxe6 10. Nbd2 Nxd2 11. Bxd2 Nc6 12. e4 Bd6 13. Be3 b6 14. O-O-O Bc7
15. h4 Bb7 16. h5 h6 17. Nh4 O-O-O 18. Ng6 Rhe8 19. Bb5 Ne5 20. f3 Nxg6 21. hxg6
a6 22. Bd3 Rf8 23. Rh5 Bf4 24. Bxf4 Rxf4 25. e5 Kc7 26. Re1 a5 27. Kc2 Bd5 28.
b3 Bc6 29. Rhh1 a4 30. Rb1 Ra8 31. b4 c4 32. Be2 b5 33. Rh5 Re8 34. Kd2 Rd8 35.
Ke3 Rff8 36. Rd1 Bd5 37. Rd4 Kc6 38. g4 d6 39. f4 dxe5 40. Rxe5 Kd6 41. Bf3 Rf6
42. Bxd5 1-0

[Event "European Blitz 2015"]
[Site "Minsk BLR"]
[Date "2015.12.18"]
[Round "20.43"]
[White "Pogosian, Manvel"]
[Black "Vorontsov, Pavlo"]
[Result "1/2-1/2"]
[BlackTitle "IM"]
[WhiteElo "2382"]
[BlackElo "2395"]
[WhiteFideId "13503936"]
[BlackFideId "14116367"]
[EventDate "2015.12.18"]
[EventType "swiss (blitz)"]

1. d4 Nf6 2. Nf3 g6 3. c4 Bg7 4. g3 O-O 5. Bg2 d5 6. cxd5 Nxd5 7. O-O Nb6 8. Nc3
Nc6 9. d5 Na5 10. Nd4 c6 11. e4 cxd5 12. exd5 Nac4 13. a4 Nd6 14. b3 Nf5 15.
Nde2 e6 16. Ba3 Re8 17. d6 Nd5 18. Nxd5 exd5 19. Rc1 Nxd6 20. Qxd5 Nf5 21. Nf4
Qxd5 22. Nxd5 Nd4 23. Ne7+ Rxe7 24. Bxe7 Ne2+ 25. Kh1 Nxc1 26. Rxc1 Be6 27. b4
Bf8 28. Bxf8 Kxf8 29. Rc7 Rc8 30. Rxc8+ Bxc8 31. f4 b6 32. Kg1 f6 33. Kf2 Ke7
34. Ke3 h6 35. Kd4 Kd6 36. h4 a5 37. b5 Be6 38. Be4 g5 39. Bc2 Bd5 40. Bd1 Bb7
41. Bc2 Bd5 42. fxg5 fxg5 43. hxg5 hxg5 44. Bd1 Bb7 45. Bb3 Bf3 46. Bc2 Bd5 47.
Bd1 Bb7 48. Bc2 Bd5 1/2-1/2

[Event "European Blitz 2015"]
[Site "Minsk BLR"]
[Date "2015.12.18"]
[Round "20.44"]
[White "Kochetkov, Vitali"]
[Black "Triapishko, Olexandr"]
[Result "1/2-1/2"]
[WhiteElo "2266"]
[BlackElo "2471"]
[WhiteFideId "13502735"]
[BlackFideId "14122286"]
[EventDate "2015.12.18"]
[EventType "swiss (blitz)"]

1. e4 c5 2. Nf3 Nc6 3. c3 Nf6 4. e5 Nd5 5. Bc4 Nb6 6. Bb3 d6 7. exd6 e6 8. O-O
Bxd6 9. Na3 O-O 10. d4 cxd4 11. Nb5 d3 12. Nxd6 Qxd6 13. Bg5 Na5 14. Re1 f6 15.
Be3 Nbc4 16. Rb1 e5 17. Nd2 Be6 18. Ne4 Qc6 19. Qxd3 Nxb3 20. axb3 Rfd8 21. Qc2
Nxe3 22. Rxe3 Rd7 23. Rd1 Rad8 24. Rxd7 Qxd7 25. f3 Qd1+ 26. Qxd1 Rxd1+ 27. Kf2
Rb1 28. Re2 Bxb3 29. Nc5 Bd5 30. Rd2 Bc6 31. Ne6 Kf7 32. Nd8+ Ke7 33. Nxc6+ bxc6
34. Ke3 a5 35. Kd3 a4 36. Kc4 Rc1 37. Kb4 f5 38. Kxa4 Re1 39. Kb4 e4 40. fxe4
fxe4 41. Kc5 e3 42. Rd3 Ke6 43. Kxc6 Ke5 44. b4 Ke4 45. Rd4+ Ke5 46. b5 Rc1 47.
Rd3 Ke4 48. Rd4+ Kf5 49. Rd3 e2 50. Re3 Rxc3+ 51. Rxc3 e1=Q 52. Rc5+ Ke6 53. b6
Qe4+ 54. Kc7 Qf4+ 55. Kc6 Qd6+ 56. Kb5 Qd7+ 57. Ka6 Qa4+ 58. Kb7 Kd6 59. Rc7 g5
60. g3 h5 61. h4 gxh4 62. gxh4 Qxh4 63. Rc6+ Kd5 64. Rc7 Kd6 65. Rc6+ Kd7 66.
Rc7+ Kd8 67. Rc8+ Ke7 68. Rc7+ Ke6 69. Rc6+ Ke5 70. Rc5+ Kd4 71. Rc7 Qd8 72. Ka7
h4 73. Rh7 Kc5 74. b7 Qa5+ 75. Kb8 Qd8+ 76. Ka7 Qb6+ 77. Ka8 Qa6+ 78. Kb8 Qg6
79. Rxh4 Qg3+ 80. Ka8 Qa3+ 81. Kb8 Qg3+ 82. Ka8 Qa3+ 83. Kb8 Kd6 84. Rh6+ Ke7
85. Rh7+ Kd6 86. Rh6+ Kd7 87. Rh7+ Kd8 88. Rh8+ Kd7 1/2-1/2

[Event "European Blitz 2015"]
[Site "Minsk BLR"]
[Date "2015.12.18"]
[Round "20.45"]
[White "Martynov, Roman"]
[Black "Kalinin, Michail Borisovich"]
[Result "1/2-1/2"]
[WhiteElo "2284"]
[BlackElo "2380"]
[WhiteFideId "14132044"]
[BlackFideId "4144104"]
[EventDate "2015.12.18"]
[EventType "swiss (blitz)"]

1. d4 d5 2. c4 c6 3. Nf3 Nf6 4. e3 e6 5. Nc3 Nbd7 6. Qc2 Be7 7. b3 b6 8. Bd3 Bb7
9. e4 dxe4 10. Nxe4 c5 11. Bb2 cxd4 12. Bxd4 Nc5 13. Bxc5 bxc5 14. O-O Qc7 15.
Rad1 h6 16. Nxf6+ Bxf6 17. Be4 O-O 18. Rd2 Rfd8 19. Rfd1 Rxd2 20. Rxd2 Bxe4 21.
Qxe4 Rd8 22. Rxd8+ Qxd8 23. g3 g6 24. Qe3 Qa5 25. Qxh6 Qxa2 26. Qe3 Qa3 27. Kg2
Qb4 28. h4 a5 29. g4 a4 30. Qf4 Kg7 31. bxa4 Qxa4 32. Ne5 Qa8+ 33. Nf3 e5 34.
Qe3 e4 35. Ng5 Bxg5 36. hxg5 Qc6 37. Kg3 Qd6+ 38. Qf4 Qd3+ 39. Kg2 Qxc4 40. Qf6+
Kh7 41. Qe5 Qd4 42. Qe7 Qd5 1/2-1/2

[Event "European Blitz 2015"]
[Site "Minsk BLR"]
[Date "2015.12.18"]
[Round "20.46"]
[White "Fomin, Taras"]
[Black "Ginzburg, Mikhail"]
[Result "1-0"]
[BlackTitle "FM"]
[WhiteElo "2312"]
[BlackElo "2229"]
[WhiteFideId "4120604"]
[BlackFideId "13501097"]
[EventDate "2015.12.18"]
[EventType "swiss (blitz)"]

1. e4 e6 2. Qe2 Be7 3. g3 d5 4. e5 c5 5. f4 h5 6. Nf3 Nh6 7. Bh3 Nc6 8. O-O g6
9. d3 b6 10. c3 Bb7 11. Nbd2 Qd7 12. Nb3 Nf5 13. Bxf5 gxf5 14. h4 O-O-O 15. Ng5
Bxg5 16. fxg5 d4 17. c4 Ne7 18. Bf4 Qc6 19. Kf2 Ng6 20. Ke1 Kb8 21. a4 a5 22.
Kd2 Qd7 23. Kc2 Bc6 24. Ra3 Bxa4 25. Rfa1 Bc6 26. Bd2 a4 27. Nc1 Qc7 28. b3 Qxe5
29. Qxe5+ Nxe5 30. Bf4 Kb7 31. Bxe5 Rhg8 32. bxa4 Ra8 33. a5 b5 34. a6+ Kc8 35.
cxb5 Bxb5 36. a7 Kd7 37. Bb8 Rc8 38. Nb3 c4 39. Nxd4 cxd3+ 40. Kd2 Bc4 41. Rc3
Bd5 42. Rxc8 Kxc8 43. Kxd3 Kd7 44. Rc1 e5 45. Rc7+ Kd8 46. Nxf5 1-0

[Event "European Blitz 2015"]
[Site "Minsk BLR"]
[Date "2015.12.18"]
[Round "20.47"]
[White "Kazakovskiy, Valeriy"]
[Black "Bilan, Danila"]
[Result "1-0"]
[WhiteTitle "IM"]
[WhiteElo "2342"]
[BlackElo "2187"]
[WhiteFideId "13507443"]
[BlackFideId "24161918"]
[EventDate "2015.12.18"]
[EventType "swiss (blitz)"]

1. d4 d5 2. c4 e6 3. Nf3 c6 4. Qc2 Nf6 5. Bg5 Nbd7 6. e3 Be7 7. Nc3 O-O 8. Bxf6
Nxf6 9. Bd3 b6 10. O-O Bb7 11. e4 dxe4 12. Nxe4 h6 13. Rad1 Qc7 14. Nxf6+ Bxf6
15. Bh7+ Kh8 16. Be4 c5 17. d5 exd5 18. Bxd5 Bxd5 19. Rxd5 Rad8 20. Rfd1 Rxd5
21. Rxd5 Rd8 22. Rxd8+ Qxd8 23. b3 Qd7 24. g3 g6 25. Kg2 Kg7 26. h4 h5 27. Ng1
Qc6+ 28. f3 Qe6 29. Ne2 Qe3 30. Nf4 Bd4 31. Nh3 Qe1 32. Qd3 Qc1 33. Qe2 a5 34.
f4 Qb1 35. Ng5 Qg1+ 36. Kf3 Qh1+ 37. Qg2 Qd1+ 38. Ke4 Qe1+ 39. Kd5 Qe7 40. Kc6
f6 41. Qe4 Qxe4+ 42. Nxe4 f5 43. Nd2 Bf2 44. Nf1 1-0

[Event "European Blitz 2015"]
[Site "Minsk BLR"]
[Date "2015.12.18"]
[Round "20.48"]
[White "Molchanova, Tatjana"]
[Black "Veremeichik, Vladimir"]
[Result "0-1"]
[WhiteTitle "WGM"]
[WhiteElo "2245"]
[BlackElo "2298"]
[WhiteFideId "4132203"]
[BlackFideId "13500384"]
[EventDate "2015.12.18"]
[EventType "swiss (blitz)"]

1. e4 c5 2. d3 g6 3. g3 Bg7 4. Bg2 Nc6 5. Ne2 e5 6. O-O Nge7 7. Nbc3 O-O 8. Bg5
h6 9. Be3 d6 10. Qd2 g5 11. f4 f6 12. fxe5 fxe5 13. Rxf8+ Qxf8 14. Rf1 Qd8 15.
h4 gxh4 16. Bxh6 Ng6 17. Bg5 Qd7 18. gxh4 Qg4 19. Nd5 Nxh4 20. Bxh4 Qxh4 21. Nc7
Rb8 22. Qc3 Qe7 23. Qc4+ Kh8 24. Rf7 Qg5 25. Ne8 Qe3+ 26. Kf1 Bg4 27. Nc3 Rxe8
28. Qd5 Bh5 29. Rf5 Bg6 0-1

[Event "European Blitz 2015"]
[Site "Minsk BLR"]
[Date "2015.12.18"]
[Round "20.49"]
[White "Savitski, Andrei"]
[Black "Goganov, Aleksey"]
[Result "0-1"]
[BlackTitle "GM"]
[WhiteElo "2149"]
[BlackElo "2597"]
[WhiteFideId "13506161"]
[BlackFideId "24109959"]
[EventDate "2015.12.18"]
[EventType "swiss (blitz)"]

1. Nf3 Nf6 2. d4 g6 3. g3 Bg7 4. Bg2 O-O 5. O-O d6 6. c4 Nbd7 7. Nc3 e5 8. e4
exd4 9. Nxd4 Re8 10. Re1 Nc5 11. b3 Ng4 12. f4 Qf6 13. Ndb5 c6 14. e5 dxe5 15.
Nc7 Rd8 16. Qe2 exf4 17. Bxf4 Qd4+ 18. Kh1 Nf2+ 19. Kg1 Nd1+ 20. Kh1 Nxc3 21.
Qe8+ Bf8 22. Nxa8 Rxe8 23. Rxe8 Bd7 24. Rd8 Ne6 25. Be5 Qxe5 26. Rxd7 Bc5 27.
Rf1 Ng5 28. Nc7 Nce4 29. Rd8+ Kg7 30. Ne8+ Kh6 0-1

[Event "European Blitz 2015"]
[Site "Minsk BLR"]
[Date "2015.12.18"]
[Round "21.1"]
[White "Mamedov, Rauf"]
[Black "Belous, Vladimir"]
[Result "1-0"]
[WhiteTitle "GM"]
[BlackTitle "GM"]
[WhiteElo "2650"]
[BlackElo "2557"]
[WhiteFideId "13401653"]
[BlackFideId "4174003"]
[EventDate "2015.12.18"]
[EventType "swiss (blitz)"]

1. e4 c5 2. Nf3 Nc6 3. Bb5 d6 4. O-O Bd7 5. c3 Nf6 6. Re1 a6 7. Bc4 Bg4 8. d4
cxd4 9. cxd4 Bxf3 10. gxf3 e6 11. d5 Ne5 12. Bb3 exd5 13. f4 Ng6 14. e5 dxe5 15.
fxe5 Ne4 16. Bxd5 Nc5 17. b4 Ne6 18. Bxb7 Qxd1 19. Rxd1 Rd8 20. Rxd8+ Nxd8 21.
Bxa6 Bxb4 22. Bd2 Bc5 23. Bb5+ Ke7 24. Nc3 Nxe5 25. Re1 f6 26. Kg2 g5 27. Bxg5
Nf7 28. Bh4 Bb4 29. Nd5+ Kd6 30. Nxb4 Kc5 31. Bxf6 Rg8+ 32. Kf1 Kxb5 33. Bxe5
Kxb4 34. Bf4 Kc4 35. Re7 Rf8 36. a4 Nd8 37. Be3 h5 38. Re5 Rh8 39. a5 h4 40. a6
Kd3 41. Rd5+ Ke4 42. Rd6 Nf7 43. Rb6 Ne5 44. a7 1-0

[Event "European Blitz 2015"]
[Site "Minsk BLR"]
[Date "2015.12.18"]
[Round "21.4"]
[White "Andriasian, Zaven"]
[Black "Grachev, Boris"]
[Result "1-0"]
[WhiteTitle "GM"]
[BlackTitle "GM"]
[WhiteElo "2594"]
[BlackElo "2652"]
[WhiteFideId "13302000"]
[BlackFideId "4129199"]
[EventDate "2015.12.18"]
[EventType "swiss (blitz)"]

1. Nf3 d5 2. g3 c6 3. c4 Nf6 4. Bg2 a6 5. cxd5 cxd5 6. O-O Nc6 7. d4 Bf5 8. Nc3
e6 9. Bf4 Be7 10. Rc1 O-O 11. Na4 Ne4 12. Nd2 Nxd2 13. Qxd2 Rc8 14. Nc5 Bxc5 15.
Rxc5 h6 16. Rfc1 Qf6 17. h4 Rcd8 18. Be3 Be4 19. Bf1 Rd7 20. b4 Rfd8 21. a4 e5
22. dxe5 Nxe5 23. Bf4 Nc4 24. Qc3 Qe6 25. a5 f6 26. f3 Bh7 27. e4 Ne5 28. Bxe5
fxe5 29. Rxd5 Rxd5 30. exd5 Qg6 31. Qxe5 Kh8 32. h5 Qf7 33. Rc7 Qf8 34. Rxb7 Re8
35. Qf4 Qg8 36. Qf7 Qxf7 37. Rxf7 Bg8 38. Rd7 Rb8 39. Bxa6 Rxb4 40. Rd8 Rb3 41.
Bc8 Kh7 42. Bf5+ g6 43. Rd7+ Kh8 44. hxg6 Bxd5 45. Rxd5 Rxf3 46. g4 Kg7 47. Kg2
Ra3 48. Rd7+ Kf6 49. g7 Ra2+ 50. Kf3 Ra3+ 51. Rd3 1-0

[Event "European Blitz 2015"]
[Site "Minsk BLR"]
[Date "2015.12.18"]
[Round "21.5"]
[White "Jobava, Baadur"]
[Black "Bocharov, Dmitry"]
[Result "0-1"]
[WhiteTitle "GM"]
[BlackTitle "GM"]
[WhiteElo "2673"]
[BlackElo "2558"]
[WhiteFideId "13601520"]
[BlackFideId "4138716"]
[EventDate "2015.12.18"]
[EventType "swiss (blitz)"]

1. d4 Nf6 2. Nc3 d5 3. Bf4 e6 4. e3 a6 5. Nf3 c5 6. a3 Nc6 7. Bd3 Be7 8. dxc5
Bxc5 9. O-O Qe7 10. e4 d4 11. Ne2 e5 12. Bd2 Ba7 13. Ng3 g6 14. Re1 h6 15. Qc1
Bg4 16. Be2 h5 17. h3 Bd7 18. Bg5 Qd6 19. Nd2 Nh7 20. Nc4 Qe6 21. Bh6 b5 22. Nd2
h4 23. Bg4 Qf6 24. Bxd7+ Kxd7 25. Ngf1 g5 26. c4 Qxh6 27. cxb5 axb5 28. a4 b4
29. Nf3 Qe6 30. N1h2 f6 31. Ng4 Rhc8 32. Qd2 Bc5 33. Rec1 Be7 34. Ne3 Na5 35.
Rxc8 Rxc8 36. Rd1 Nc4 37. Qe2 0-1

[Event "European Blitz 2015"]
[Site "Minsk BLR"]
[Date "2015.12.18"]
[Round "21.6"]
[White "Demidov, Mikhail"]
[Black "Alekseev, Evgeny"]
[Result "0-1"]
[WhiteTitle "IM"]
[BlackTitle "GM"]
[WhiteElo "2485"]
[BlackElo "2642"]
[WhiteFideId "4197143"]
[BlackFideId "4138147"]
[EventDate "2015.12.18"]
[EventType "swiss (blitz)"]

1. d4 Nf6 2. Bg5 e6 3. e4 h6 4. Bxf6 Qxf6 5. c3 d5 6. Bd3 dxe4 7. Bxe4 Bd6 8.
Nf3 Nd7 9. Nbd2 O-O 10. O-O Qd8 11. Nc4 Nf6 12. Bc2 b6 13. Qe2 Bb7 14. Rad1 Qe7
15. Rfe1 Rfd8 16. Nfe5 Bd5 17. Ne3 Bb7 18. N3c4 Rac8 19. h3 c5 20. Nxd6 Rxd6 21.
dxc5 Rxc5 22. Nf3 Rcd5 23. Bb3 Rxd1 24. Rxd1 Qd8 25. Rxd6 Qxd6 26. Qe5 Ne8 27.
Qe3 Nf6 28. Qe5 Ne4 29. Qxd6 Nxd6 30. Ne5 Kf8 31. Kf1 Ke7 32. Ba4 b5 33. Bb3 g5
34. g3 f6 35. Nd3 e5 36. Nc5 Bf3 37. a4 bxa4 38. Nxa4 f5 39. Nc5 f4 40. Bc2 Bc6
41. Bb3 Kf6 42. Ba4 Ba8 43. Nd7+ Ke6 44. Nc5+ Ke7 45. Nd3 e4 46. Nc5 Kf6 47. Bc2
Ke5 48. Nd7+ Ke6 49. Nc5+ Ke5 50. Nd7+ Kd5 51. Bb3+ Kc6 52. Nf6 Kc5 53. Ke2 Nc4
54. Nd7+ Kb5 55. Bxc4+ Kxc4 56. gxf4 gxf4 57. Kd2 Kb3 58. Kc1 e3 59. fxe3 fxe3
60. Nc5+ Kc4 61. Ne6 Kd3 62. Nf4+ Ke4 63. Ne6 Kf3 64. Nd4+ Kf2 65. Nc2 Be4 0-1